Statistics for Every YouTube Channel with over 50 Million Subscribers

Click here to take the quiz!

General Stats

  • This quiz has been taken 8 times
  • The average score is 15 of 38

Answer Stats

Date AchivedChannel% Correct
December 8, 2016PewDiePie
100%
October 28, 2021Ariana Grande
86%
November 16, 2022Taylor Swift
86%
June 27, 2018T-Series
86%
June 7, 2019Cocomelon
71%
February 5, 2020Justin Bieber
71%
January 3, 2021MrBeast
71%
October 4, 2020Blackpink
57%
March 24, 2020Dude Perfect
43%
December 2, 2021Eminem
43%
February 21, 20195-Minute Crafts
29%
February 25, 2022Aaj Tak
29%
May 21, 2021BANGTANTV
29%
June 21, 2019Canal KondZilla
29%
July 20, 2021ChuChu TV
29%
February 20, 2022Colors TV
29%
June 29, 2021
Pinkfong
29%
November 12, 2021Ed Sheeran
29%
May 21, 2022El Reino Infantil
29%
February 26, 2021Goldmines
29%
January 9, 2021HYBE LABELS
29%
March 30, 2020Kids Diana Show
29%
March 15, 2020Like Nastya
29%
August 23, 2022LooLooKids
29%
November 22, 2020Marshmello
29%
February 26, 2021Movieclips
29%
June 20, 2019SET India
29%
March 27, 2021Shemaroo Filmi Gaane
29%
March 7, 2022Sony Music India
29%
May 2, 2021Sony SAB
29%
March 29, 2022Tips Official
29%
April 23, 2022T-Series Bhakti Sagar
29%
August 18, 2020Vlad and Nikita
29%
January 17, 2022Wave Music
29%
October 24, 2019WWE
29%
December 22, 2022YRF
29%
February 7, 2020Zee Music Company
29%
September 2, 2020Zee TV
29%

Score Distribution

Percentile by Number Answered

Percent of People with Each Score

Your Score History

You have not taken this quiz